| 000 | 01654cam a2200445 i 4500 | ||
|---|---|---|---|
| 001 | 6000 | ||
| 003 | FISKH | ||
| 005 | 20250219112357.0 | ||
| 008 | 220419s2021 nyu c 000 1 eng | ||
| 010 | _a 2022016627 | ||
| 020 |
_a9781338754469 _q(hardcover) |
||
| 020 |
_a9781338754476 _c$12.50 |
||
| 020 |
_z9781338754483 _q(ebook) |
||
| 040 |
_aDLC _beng _erda _cDLC _dDLC |
||
| 050 | _aPZ7.A97355 | ||
| 082 | _a823.92 | ||
| 100 | 1 |
_aAvery, Annaliese, _eauthor. |
|
| 245 | 1 | 4 |
_aThe nightsilver promise / _cAnnaliese Avery. |
| 250 | _aThis edition first printing 2023 | ||
| 260 |
_aNew York : _bScholastic, _c2021 |
||
| 300 |
_a289 pages ; _c20 cm. |
||
| 336 |
_atext _btxt _2rdacontent |
||
| 337 |
_aunmediated _bn _2rdamedia |
||
| 338 |
_avolume _bnc _2rdacarrier |
||
| 490 | 0 |
_aCelestial mechanism ; _vCycle 1 |
|
| 520 | _aWhen thirteen-year-old Paisley discovers she is destined to die before the end of her fourteenth turning, the race is on to protect her dragon-touched brother and find her missing mother, but to do so she must trust her instincts and forge new friends in an attempt to outrun fate. | ||
| 521 |
_aAges 8-12. _bScholastic Press. |
||
| 521 |
_aGrades 4-6. _bScholastic Press. |
||
| 650 | 1 |
_aMagic _vFiction. |
|
| 650 | 1 |
_aDragons _vFiction. |
|
| 650 | 1 |
_aFamilies _vFiction. |
|
| 650 | 1 | _aFantasy. | |
| 650 | 7 |
_aJUVENILE FICTION / Fantasy & Magic _2bisacsh |
|
| 650 | 7 |
_aJUVENILE FICTION / Action & Adventure / General _2bisacsh |
|
| 655 | 7 |
_aFantasy fiction. _2lcgft |
|
| 655 | 7 |
_aAction and adventure fiction. _2lcgft |
|
| 906 |
_a7 _bcbc _corignew _d1 _eecip _f20 _gy-gencatlg |
||
| 942 |
_2ddc _cBK _n0 |
||
| 999 |
_c6000 _d6000 |
||